Entry Personal Name
Number of records used in: 1
001 - CONTROL NUMBER
003 - CONTROL NUMBER IDENTIFIER
005 - DATE AND TIME OF LATEST TRANSACTION
- control field:
20230908130505.0
008 - FIXED-LENGTH DATA ELEMENTS
- fixed length control field:
901009n| azannaabn |n aaa c
010 ## - LIBRARY OF CONGRESS CONTROL NUMBER
- LC control number:
no 90021426
- Canceled/invalid LC control number:
nb2001007115
035 ## - SYSTEM CONTROL NUMBER
- System control number:
(OCoLC)oca02831266
040 ## - CATALOGING SOURCE
- Original cataloging agency:
InU
- Language of cataloging:
eng
- Description conventions:
rda
- Transcribing agency:
InU
- Modifying agency:
DLC
- Modifying agency:
PCalS
- Modifying agency:
ScU
046 ## - SPECIAL CODED DATES
- Birth date:
1954
- Source of date scheme:
edtf
100 1# - HEADING--PERSONAL NAME
- Personal name:
Lule, Jack,
- Dates associated with a name:
1954-
370 ## - ASSOCIATED PLACE
- Place of residence/headquarters:
Bethlehem (Pa.)
- Source of term:
naf
372 ## - FIELD OF ACTIVITY
- Field of activity:
Journalism--Study and teaching
- Field of activity:
Communication--Study and teaching
- Field of activity:
Globatlization
- Field of activity:
Social change
- Source of term:
lcsh
373 ## - ASSOCIATED GROUP
- Associated group:
Lehigh University
- Source of term:
naf
373 ## - ASSOCIATED GROUP
- Associated group:
Lehigh University
- Source of term:
naf
- Start period:
1990
373 ## - ASSOCIATED GROUP
- Associated group:
University of Georgia
- Source of term:
naf
- End period:
1987
374 ## - OCCUPATION
- Occupation:
Authors
- Occupation:
College teachers
- Occupation:
Journalism teachers
- Occupation:
Communication teachers
- Source of term:
lcsh
375 ## - GENDER
- Gender:
Males
- Source of term:
lcdgt
377 ## - ASSOCIATED LANGUAGE
670 ## - SOURCE DATA FOUND
- Source citation:
His Globalization and media, ©2018:
- Information found:
ECIP t.p. (Jack Lule, Lehigh University)
670 ## - SOURCE DATA FOUND
- Source citation:
His News as myth, 1987:
- Information found:
t.p. (Jack Lule)
670 ## - SOURCE DATA FOUND
- Source citation:
OCLC data base, 10-8-90
- Information found:
(hdg.: Lule, Jack, 1954- )
670 ## - SOURCE DATA FOUND
- Source citation:
Lehigh University website, March 12, 2020:
- Information found:
(Dr. Jack Lule is Iacocca Professor and Chair of Journalism and Communication, and Professor and Founding Director of Global Studies and the Globalization and Social Change Initiative at Lehigh University; received his Ph.D. from the University of Georgia in 1987. He has been teaching at Lehigh since 1990. He lives in Bethlehem)
- Uniform Resource Identifier:
https://www.lehigh.edu/~jl0d/